| 000 | 00422nam a2200193Ia 4500 | ||
|---|---|---|---|
| 001 | 085618 | ||
| 003 | YMCAF | ||
| 005 | 20230512161525.0 | ||
| 008 | 100717s2003 ||||||||||||||||| ||und|d | ||
| 024 | _a85618 | ||
| 035 | _a25077 | ||
| 040 |
_aYMCAF _beng _cIN-KoLT |
||
| 041 | _aeng | ||
| 082 |
_a621.384 _b8 SKO |
||
| 100 | _aSkolnic | ||
| 245 | 0 | _aIntroduction to Radar system | |
| 260 |
_bTMH _c2003 |
||
| 942 |
_2ddc _cBK |
||
| 999 |
_c9032 _d9032 |
||